បច្ចេកទេសដាំកូលាបនៅខេត្តកណ្តាល (Record no. 223)

000 -LEADER
fixed length control field 00486nam a22001577a 4500
003 - CONTROL NUMBER IDENTIFIER
control field OSt
005 - DATE AND TIME OF LATEST TRANSACTION
control field 20150910141224.0
008 - FIXED-LENGTH DATA ELEMENTS--GENERAL INFORMATION
fixed length control field 150910b xxu||||| |||| 00| 0 eng d
040 ## - CATALOGING SOURCE
Transcribing agency RUA
082 ## - DEWEY DECIMAL CLASSIFICATION NUMBER
Classification number AGR ប្រាក់ 1995 B012 Or.1
100 ## - MAIN ENTRY--PERSONAL NAME
9 (RLIN) 238
Personal name ប្រាក់ ជាតិថូ
245 ## - TITLE STATEMENT
Title បច្ចេកទេសដាំកូលាបនៅខេត្តកណ្តាល
260 ## - PUBLICATION, DISTRIBUTION, ETC. (IMPRINT)
Place of publication, distribution, etc. Phnom Penh
Name of publisher, distributor, etc. RUA
Date of publication, distribution, etc. 1995
300 ## - PHYSICAL DESCRIPTION
Extent 70p.
Other physical details ill.
Dimensions 29cm.
942 ## - ADDED ENTRY ELEMENTS (KOHA)
Source of classification or shelving scheme
Koha item type AGR
Holdings
Price effective from Date last seen Permanent Location Not for loan Date acquired Source of classification or shelving scheme Koha item type Lost status Withdrawn status Total Renewals Date last checked out Total Checkouts Damaged status Barcode Current Location Full call number
2015-09-102017-12-08Library Block B 2015-09-10 AGR  12017-10-202 RUA003138Library Block BAGR ប្រាក់ 1995 B012 Or.1
2015-09-102018-12-03Library Block B 2015-09-10 AGR   2018-11-104 RUA003415Library Block BAGR ប្រាក់ 1995 B012 Or.2
មជ្ឈមណ្ឌលឯការនៃសាកលវិទ្យាល័យភូមិន្ទកសិកម្មចំការដូង

Powered by Koha